000
00303nam a2200109Ia 4500
008
200302s9999 xx 000 0 und d
100
_a
Dipl.-Ing And Other
245
_a
Special Deep Foundation Compendium Methods and Equipment
260
_b
Liebherr-Werk Nenzing Gmbh
260
_c
2008
300
_a
R-10/10
999
_c
3600
_d
3600